Fotografías de estuche: la imagen develada
Kaydedildi:
| Yazar: | |
|---|---|
| Materyal Türü: | Kitap |
| Dil: | İspanyolca |
| Baskı/Yayın Bilgisi: |
Santiago
DIBAM
2011
|
| Seri Bilgileri: | Colección del Museo Histórico Nacional, 1
|
| Konular: | |
| Etiketler: |
Etiketle
Etiket eklenmemiş, İlk siz ekleyin!
|
MARC
| LEADER | 00000cam a2200000 a 4500 | ||
|---|---|---|---|
| 001 | UCF7960 | ||
| 003 | CL-VaPUC | ||
| 008 | 130711e20110000CL |||||||||||||||||spa|d | ||
| 020 | |a 9789567297153 | ||
| 082 | 0 | 4 | |a 770 |b RIE |2 21 |
| 100 | 0 | |a Riera S., Francisca |e author |9 570056 | |
| 245 | 1 | 0 | |a Fotografías de estuche: la imagen develada |
| 300 | |a 99 p | ||
| 942 | |c BK | ||
| 945 | |d 20130711 00:00:00 |a dcastane | ||
| 260 | |a Santiago |b DIBAM |c 2011 | ||
| 650 | 0 | |a Fotografía |9 268495 | |
| 650 | 0 | |a Patrimonio cultural |9 309364 | |
| 650 | 0 | |a Archivos fotográficos |9 523567 | |
| 650 | 7 | |a DAGUERROTIPOS |2 CL-VaPUC |9 570057 | |
| 583 | |a last modification |c 20130711 11:26:00 |k Rodrigo Vera | ||
| 490 | 0 | |a Colección del Museo Histórico Nacional, 1 | |
| 999 | |c 352676 |d 352674 | ||
| 952 | |0 0 |1 0 |4 0 |6 770_000000000000000_RIE_2011 |7 0 |8 R |9 457280 |a BIBART |b BIBART |d 2019-11-22 |i 4989481 |o 770 RIE 2011 |p 4989481 |r 2025-03-13 |w 2019-11-22 |y BK_R |k ART | ||